| 000 | 01164pam a2200337 a 4500 | ||
|---|---|---|---|
| 001 | 2451422 | ||
| 005 | 20200421093817.0 | ||
| 008 | 890313s1989 enk 001 0 grc | ||
| 010 | _a 89001041 | ||
| 020 | _a0521264359 | ||
| 020 | _a0521269881 (pbk.) | ||
| 040 |
_aDLC _cDLC _dDLC |
||
| 041 | 0 | _agrceng | |
| 050 | 0 | 0 |
_aPA4241 _b.A3 1989 |
| 082 | 0 | 0 |
_a885/.01 _220 |
| 100 | 0 |
_aLysias. _9613 |
|
| 240 | 1 | 0 |
_aSpeeches. _kSelections |
| 245 | 1 | 0 |
_aSelected speeches / _cLysias ; edited by C. Carey. |
| 260 |
_aCambridge ; _aNew York : _bCambridge University Press, _c1989. |
||
| 300 |
_axiii, 230 p. ; _c20 cm. |
||
| 440 | 0 | _aCambridge Greek and Latin classics | |
| 500 | _aText in Greek; introd. and commentary in English. | ||
| 500 | _aIncludes indexes. | ||
| 504 | _aIncludes bibliographical references. | ||
| 650 | 0 | _aSpeeches, addresses, etc., Greek. | |
| 700 | 1 |
_aCarey, Christopher. _91518 |
|
| 856 | 4 | 1 |
_3Table of contents _uhttp://www.loc.gov/catdir/toc/cam023/89001041.html |
| 856 | 4 | 2 |
_3Publisher description _uhttp://www.loc.gov/catdir/description/cam023/89001041.html |
| 906 |
_a7 _bcbc _corignew _d1 _eocip _f19 _gy-gencatlg |
||
| 942 |
_2ddc _cBK |
||
| 999 |
_c38 _d38 |
||